Équipes ayant joué un quart de finale de coupe de France - Statistiques

Statistiques générales
  • Ce quiz a été pris 35 fois
  • Le résultat moyen est 64 sur 136
Statistiques - réponses
Équipe Nombre d’apparitions Niveau actuel Dernière apparition % Correct
Girondins de Bordeaux 27 National 2 (D4) 2016/2017
100%
Olympique lyonnais 22 Ligue 1 (D1) 2025/2026
100%
Paris Saint-Germain 30 Ligue 1 (D1) 2024/2025
100%
AS Brest 2 Régional 2 (D7) 1962/1963
97%
AS Saint-Étienne 24 Ligue 2 (D2) 2019/2020
97%
FC Nantes 24 Ligue 1 (D1) 2022/2023
97%
LOSC Lille 22 Ligue 1 (D1) 2016/2017
97%
Olympique de Marseille 38 Ligue 1 (D1) 2025/2026
97%
RC Lens 22 Ligue 1 (D1) 2025/2026
97%
RC Strasbourg 21 Ligue 1 (D1) 2025/2026
97%
Stade brestois 29 3 Ligue 1 (D1) 2024/2025
97%
Toulouse FC 10 Ligue 1 (D1) 2025/2026
97%
AJ Auxerre 11 Ligue 1 (D1) 2014/2015
94%
OGC Nice 24 Ligue 1 (D1) 2025/2026
94%
Angers SCO 14 Ligue 1 (D1) 2024/2025
91%
AS Monaco 27 Ligue 1 (D1) 2021/2022
91%
Stade rennais FC 26 Ligue 1 (D1) 2023/2024
91%
CASG Paris 5 Dissous 1924/1925
88%
EA Guingamp 9 Ligue 2 (D2) 2024/2025
88%
FC Lorient 7 Ligue 1 (D1) 2025/2026
88%
FC Metz 14 Ligue 1 (D1) 2008/2009
88%
Le Havre AC 9 Ligue 1 (D1) 1959/1960
88%
Nîmes Olympique 13 National 2 (D4) 2004/2005
88%
Paris FC 2 Ligue 1 (D1) 1982/1983
88%
SC Bastia 11 Ligue 2 (D2) 2021/2022
88%
SM Caen 5 National (D3) 2018/2019
88%
AC Ajaccio 1 Régional 1 (D6) 1965/1966
84%
Clermont Foot 63 2 Ligue 2 (D2) 2004/2005
84%
FC Lyon 1 Régional 3 (D8) 1917/1918
84%
GFC Ajaccio 3 National 3 (D5) 2015/2016
84%
Grenoble Foot 38 5 Ligue 2 (D2) 2022/2023
84%
Lyon OU 1 Dissous 1945/1946
84%
Stade clermontois 1 Dissous 1945/1946
84%
Stade de Reims 19 Ligue 2 (D2) 2025/2026
84%
AS Nancy-Lorraine 6 Ligue 2 (D2) 2012/2013
81%
FC Annecy 1 Ligue 2 (D2) 2022/2023
81%
FC Nancy 7 Dissous 1961/1962
81%
Red Star FC 12 Ligue 2 (D2) 1992/1993
81%
Valenciennes FC 11 National (D3) 2023/2024
81%
AS Troyes-Savinienne 4 Dissous 1955/1956
78%
Dijon FCO 4 National (D3) 2019/2020
78%
ES Troyes AC 3 Ligue 2 (D2) 2012/2013
78%
FC Rouen 16 National (D3) 2023/2024
78%
FC Tours 3 Dissous 1985/1986
75%
Montpellier HSC 16 Ligue 2 (D2) 2020/2021
75%
AS Cannes 17 National 2 (D4) 2024/2025
72%
FC Sochaux-Montbéliard 24 National (D3) 2015/2016
72%
USL Dunkerque 6 Ligue 2 (D2) 2024/2025
72%
Amiens SC 9 Ligue 2 (D2) 2021/2022
69%
Le Mans FC 2 Ligue 2 (D2) 2010/2011
69%
SC Toulon 4 National 2 (D4) 1983/1984
69%
US Orléans 3 National (D3) 2018/2019
69%
Chamois Niortais 1 Dissous 1990/1991
63%
CS Sedan-Ardennes 14 Régional 1 (D6) 2008/2009
63%
Stade lavallois 6 Ligue 2 (D2) 1998/1999
63%
Évian Thonon Gaillard FC 1 National 3 (D5) 2012/2013
59%
US Boulogne CO 5 Ligue 2 (D2) 2014/2015
59%
Calais RUFC 3 Dissous 2005/2006
56%
FC Mulhouse 7 National 3 (D5) 1997/1998
56%
ASOA Valence 1 Régional 1 (D6) 1995/1996
53%
FC Gueugnon 3 Régional 1 (D6) 1990/1991
53%
FC Sète 15 Régional 2 (D7) 1959/1960
53%
FC Versailles 78 1 National (D3) 2021/2022
53%
Les Herbiers VF 1 National 2 (D4) 2017/2018
53%
Vannes OC 1 National 3 (D5) 2006/2007
53%
LB Châteauroux 2 National (D3) 2003/2004
50%
Olympique avignonnais 4 Départemental 4 (D12) 1989/1990
50%
Limoges FC 2 Régional 1 (D6) 1969/1970
47%
RCFC Besançon 2 National 3 (D5) 1953/1954
44%
Rodez AF 3 Ligue 2 (D2) 2022/2023
44%
Quimper Cornouaille FC 1 Régional 3 (D8) 1987/1988
41%
SO Chambéry 1 Régional 1 (D6) 2010/2011
41%
Excelsior AC Roubaix 3 Dissous 1935/1936
38%
FC Martigues 2 Départemental 3 (D11) 2002/2003
38%
Racing Club de Roubaix 5 Dissous 1938/1939
38%
SAS Épinal 1 National 2 (D4) 2019/2020
38%
US Créteil-Lusitanos 1 National 2 (D4) 1996/1997
38%
AS Beauvais 1 National 2 (D4) 1988/1989
34%
AS Béziers 1 Régional 1 (D6) 1961/1962
34%
SC Nîmes 1 Dissous 1922/1923
34%
AAJ Blois 1 Dissous 1970/1971
31%
AS Cherbourg 1 Régional 1 (D6) 1965/1966
31%
FC Antibes 1 Départemental 2 (D10) 1933/1934
31%
US Avranches 1 National 2 (D4) 2016/2017
31%
US Saint-Malo 1 National 2 (D4) 1923/1924
31%
US Tourcoing 3 Régional 1 (D6) 1934/1935
31%
AS Angoulême-Charente 92 7 National 2 (D4) 2002/2003
28%
FC Chambly Oise 1 National 2 (D4) 2017/2018
28%
Olympique d'Alès-en-Cévennes 1 National 3 (D5) 1986/1987
28%
US Quevilly Rouen Métropole 4 National (D3) 2011/2012
28%
EFC Fréjus-Saint-Raphaël 1 National 2 (D4) 2016/2017
25%
FC Bourg-Péronnas 1 National (D3) 1997/1998
25%
Le Puy Foot 43 Auvergne 1 National (D3) 2023/2024
25%
AS Moulins 1 Régional 1 (D6) 2013/2014
22%
ASM Belfort 1 National 3 (D5) 2019/2020
19%
Racing 92 19 National 3 (D5) 1993/1994
19%
RC Arras 1 Régional 1 (D6) 1948/1949
19%
US Concarneau 1 National (D3) 2014/2015
19%
Bergerac Périgord FC 1 Régional 3 (D8) 2021/2022
16%
FCO Charleville 1 Dissous 1935/1936
16%
Stade français 11 Départemental 5 (D13) 1964/1965
16%
USJA Carquefou 1 Régional 2 (D7) 2007/2008
16%
Canet RFC 1 National 3 (D5) 2020/2021
13%
US Granville 1 National 2 (D4) 2015/2016
13%
FC Libourne-Saint-Seurin 1 Régional 3 (D8) 2001/2002
9%
SC Schiltigheim 1 Régional 1 (D6) 2002/2003
9%
Stade briochin 1 National (D3) 2024/2025
9%
AS Vitré 1 National 3 (D5) 2018/2019
6%
ESA Brive 1 Régional 1 (D6) 2003/2004
6%
FC Montceau Bourgogne 1 Régional 1 (D6) 2006/2007
6%
SC Draguignan 1 Départemental 1 (D9) 1954/1955
6%
SO Châtellerault 1 National 3 (D5) 1987/1988
6%
Stade havrais 1 Dissous 1926/1927
6%
USA Clichy 1 Départemental 1 (D9) 1919/1920
6%
CA Vitry 1 Régional 1 (D6) 1925/1926
3%
Olympique lillois 9 Dissous 1938/1939
3%
SC Five 4 Dissous 1938/1939
3%
AF Garenne-Colombes 1 Régional 3 (D8) 1924/1925
0%
AS française 1 Départemental 1 (D9) 1917/1918
0%
AS lyonnaise 1 Dissous 1918/1919
0%
AS Valentigney 1 Départemental 4 (D12) 1925/1926
0%
CA Paris 8 Régional 2 (D7) 1930/1931
0%
Club français 4 Dissous 1930/1931
0%
CO Roubaix-Tourcoing 1 Dissous 1957/1958
0%
CS des Terreaux 1 Dissous 1918/1919
0%
FEC Levallois 1 Dissous 1922/1923
0%
GF Albanais 1 National 2 (D4) 2020/2021
0%
Iris Club Lillois 1 Dissous 1931/1932
0%
Olympique de Paris 7 Dissous 1924/1925
0%
Raincy Sports 1 ? 1917/1918
0%
RFC Paris-Neuilly 1 Dissous 1969/1970
0%
SR Colmar 1 National 2 (D4) 1947/1948
0%
Stade raphaëlois 4 Dissous 1929/1930
0%
Stade saint-germanois 1 Dissous 1968/1969
0%
US Suisse 2 Régional 1 (D6) 1926/1927
0%
VGA Médoc 3 Dissous 1921/1922
0%
Aucun quiz correspondant
Distribution des résultats
% des personnes avec chaque résultat
Percentile par nombre de réponses
Votre historique - résultats
Vous n’avez pas pris ce quiz